000 00872nam a2200241 i 4500
001 110766
003 ES-MaACL
005 20230906185147.0
007 t|
008 070125s1925 sp ||||1| spa d
080 _a343.97
100 1 _aParmelee, Maurice.
_989196
245 1 0 _aCriminología /
_cMaurice Parmelee ; versión española de Julio-César Cerdeiras ; prólogo de Luis Jiménez de Asúa.
260 _aMadrid :
_bHijos de Reus,
_c1925.
300 _aXVI, 503 p ;
_c23 cm.
490 1 _aBiblioteca jurídica de autores españoles y extranjeros ;
_v92
650 4 _aCrimen y criminales.
_911417
700 1 _aCerdeiras, Julio César.
_9185663
700 1 _aJiménez de Asúa, Luis,
_d1889-1970
_966491
830 0 _aBiblioteca jurídica de autores españoles y extranjeros ;
_v92
_9182228
852 _aES-MaACL
_jE-3086
999 _c110766
_d110766